One Worded Movies 2 - Statistics

General Stats
  • This quiz has been taken 25 times
  • The average score is 20 of 47
Answer Stats
Picture Answer % Correct
Titanic
100%
Oppenheimer
95%
Jaws
91%
Joker
91%
Avatar
86%
Cruella
86%
Rango
86%
Venom
86%
Wonka
86%
Godzilla
77%
Zoolander
77%
Mulan
73%
Zombieland
73%
Zootopia
73%
Skyfall
64%
Holes
55%
Onward
50%
Terrifier
50%
Uncharted
50%
Norbit
45%
Rampage
45%
Watchmen
41%
Inferno
36%
Leo
36%
Passengers
36%
Dunkirk
32%
Eragon
32%
Blended
27%
Evolution
27%
Arthur
23%
Blockers
23%
Spy
23%
Crawl
18%
Inkheart
18%
Fear
14%
Killers
14%
Legend
14%
Next
14%
Disenchanted
9%
Ghosted
9%
Homefront
9%
Kidnap
9%
Unhinged
9%
Fresh
5%
Mortdecai
5%
Plane
5%
Vanquish
5%
No matching quizzes found
Score Distribution
Percent of People with Each Score
Percentile by Number Answered
Your Score History
You have not taken this quiz